Statistics for 10 Smallest Country Capitals By Population

Click here to take the quiz!

General Stats

  • This quiz has been taken 23 times
  • The average score is 7 of 10

Answer Stats

PopulationRegionCapital% Correct
826Western EuropeVatican City
100%
4493Western EuropeSan Marino
75%
5248Western EuropeVaduz
75%
6444Southern EuropeValletta
70%
1100OceaniaYaren
70%
391OceaniaNgerulmud
65%
13043CaribbeanBasseterre
60%
9900OceaniaPalikir
60%
7500CaribbeanSt. George's
60%
4492OceaniaFunafuti
55%

Score Distribution

Percentile by Number Answered

Percent of People with Each Score

Your Score History

You have not taken this quiz